000 00655nam a2200253 a 4500
001 14332
003 BD-JhCC
005 20250304102845.0
008 250302b20142018e a|||| ||a| 001 0 eng d
020 _a9780241339244
035 _a(BD-JhCC)14332
040 _aBD-JhCC
_dBD-JhCC
041 _aenglish
082 _a808.83
_bFAL 2018
100 _a Fallada,Hans
245 _aWhy Do You Wear a Cheap Watch? /
_cHans Fallada.
260 _aNew York:
_bPenguin Books;
_c2018.
300 _a64 p. :
_c16 cm.
490 _aPenguin Modern: 34
500 _aPenguin Modern: 34
650 _aEnglish Short stories .
942 _2ddc
_cBK
999 _c14332
_d14332